Mots français terminés par ARE - Statistiques

Statistiques générales
  • Ce quiz a été pris 89 fois
  • Le résultat moyen est 8 sur 30
Statistiques - réponses
Indice Mot % Correct
Feu de position Phare
75%
Compte sans dépenser Avare
71%
Viande crue Tartare
64%
Ostrogoth ou Wisigoth Barbare
52%
Arrêt Gare
51%
N'est pas dans les grandes surfaces Are
49%
Vice important Tare
48%
Point de départs Aérogare
42%
Formée de cuivres Fanfare
36%
Tabac sous cape Cigare
35%
Il fait de bons yaourts Bulgare
32%
Vit sans savoir Ignare
30%
Parfait albigeois Cathare
28%
Bateau plat Gabare
25%
Gai Hilare
23%
Récipient en plastique Tupperware
23%
Partie de campagne Hectare
22%
Parfois sèche Guitare
16%
Vieux protecteur Lare
16%
En cinq sec Daredare
14%
Sans enfant Nullipare
13%
Autonome à la naissance Vivipare
12%
Accompagne le chant des sirènes Gyrophare
10%
Ilot de verdure Square
9%
Aéroport spécialisé Héligare
7%
Chapeau haut de forme Tiare
7%
Rend le trait assassin Curare
4%
Mouille la chemise Sudoripare
3%
Guide les navires Radiophare
0%
Soufrière Solfatare
0%
Aucun quiz correspondant
Distribution des résultats
% des personnes avec chaque résultat
Percentile par nombre de réponses
Votre historique - résultats
Vous n’avez pas pris ce quiz